[Event "Premier Quad, S40319"]
[Site "CCLA"]
[Date "2014.09.26"]
[Round "?"]
[White "Laven, George"]
[Black "Beavan, Robert"]
[Result "1/2-1/2"]
[WhiteElo "1834"]
[BlackElo "1937"]

1. e4 c6 2. d4 d5 3. e5 Bf5 4. Nf3 e6 5. c3 Nd7 6. Be2 h6 7. O-O Qc7 8. 
Nh4 Bh7 9. f4 O-O-O 10. Nf3 Ne7 11. b4 f6 12. a4 fxe5 13. fxe5 g5 14. Na3 
Nf5 15. Ra2 Be7 16. a5 a6 17. Rb2 Rdf8 18. Nc2 Kb8 19. Ne3 Qd8 20. c4 Nxe3
21. Bxe3 g4 22. Nd2 h5 23. cxd5 exd5 24. Nb3 Rxf1+ 25. Qxf1 Rf8 26. Qc1 
Bf5 27. Qc3 Ka8 28. Nc1 h4 29. Nd3 Bg5 30. Qd2 Bxe3+ 31. Qxe3 Qe7 32. Rb1 
Nf6 33. Rf1 Bxd3 34. Bxd3 Ne8 35. Bf5 g3 36. hxg3 hxg3 37. Qxg3 Qxb4 38. 
Qe3 Rg8 39. e6 Qxa5 40. Bh7 Rg7 41. Rf7 Qa1+ 42. Kh2 Qd1 43. Rxg7 Nxg7 44.
 Kg3 Nxe6 45. Qxe6 Qxd4 46. Qe7 Qc3+ 47. Kf2 Qd2+ 1/2-1/2

[Event "Premier Quad, S40259"]
[Site "CCLA"]
[Date "2014.08.18"]
[Round "?"]
[White "Shannon, Paul D."]
[Black "Capuzzi, Gabriele"]
[Result "1-0"]
[WhiteElo "1832"]
[BlackElo "1775"]

1. e4 c6 2. d4 d5 3. e5 Bf5 4. Nf3 e6 5. Be2 Nd7 6. O-O h6 7. b3 Ne7 8. c4
Bh7 9. Ba3 Qc7 10. Bd6 Qa5 11. b4 Qd8 12. c5 a5 13. b5 Nf5 14. Bxf8 Nxf8 
15. Nc3 Nd7 16. Qa4 Qc7 17. Bd3 O-O 18. Rab1 Rfb8 19. Rb2 Ne7 20. Bxh7+ 
Kxh7 21. Rfb1 g6 22. Nd2 Kg7 23. Nb3 Nf5 24. b6 Qc8 25. Nd1 Ra6 26. Ne3 
Nxe3 27. fxe3 Nf8 28. Rf2 Qd7 29. Nd2 Nh7 30. Rbf1 Rf8 31. Qd1 Raa8 32. a4
Qd8 33. Nb3 Ra6 34. Qe1 Qa8 35. h4 h5 36. Rf4 Kg8 37. Qf2 Qe8 38. Nd2 Ra8 
39. g4 hxg4 40. Rxg4 Qe7 41. Qf4 Kg7 42. Rf2 Rg8 43. Rfg2 Kh8 44. Nf3 Rg7 
45. h5 g5 46. Nxg5 Nxg5 47. Rxg5 Rxg5 48. Rxg5 Rg8 49. Rxg8+ Kxg8 50. Kg2 
Kh7 51. Kg3 Kg7 52. Kg4 Qf8 53. Kg5 Qg8 54. Qf6+ Kh7+ 55. Kf4 Qf8 56. e4 
dxe4 57. Kxe4 Qg8 58. Kf4 Qf8 59. Qg5 Qe8 60. Kg4 Kh8 61. h6 Qf8 62. Kh5 
Kh7 63. Qf4 Qg8 64. Qf6 Qf8 65. d5 exd5 66. e6 1-0

[Event "Herbert W. Gustafson Memorial Open, S47059"]
[Site "CCLA"]
[Date "2014.10.27"]
[Round "?"]
[White "Clancey, James"]
[Black "Beavan, Robert"]
[Result "1/2-1/2"]
[WhiteElo "2053"]
[BlackElo "1937"]

1. d4 c6 2. e4 d5 3. e5 Bf5 4. Nf3 e6 5. Be2 c5 6. Be3 cxd4 7. Nxd4 Ne7 8.
 Nd2 Nbc6 9. N2f3 Be4 10. O-O Ng6 11. Bb5 Qc7 12. Ng5 Nxe5 13. Nxe4 dxe4 
14. Qh5 O-O-O 15. Bxc6 Nxc6 16. Nb5 Qe7 17. Nxa7+ Nxa7 18. Bxa7 Qc7 19. 
Qb5 Rd5 20. Qe8+ Rd8 21. Qb5 Rd5 22. Qe8+ Rd8 23. Qb5 1/2-1/2

[Event "Premier Quad, S40319"]
[Site "CCLA"]
[Date "2014.09.26"]
[Round "?"]
[White "Laven, George"]
[Black "Shannon, Paul D."]
[Result "1/2-1/2"]
[WhiteElo "1834"]
[BlackElo "1832"]

1. e4 c6 2. d4 d5 3. e5 Bf5 4. Nf3 e6 5. Be2 c5 6. Be3 cxd4 7. Nxd4 Ne7 8.
 c4 Nbc6 9. Qa4 a6 10. Nc3 dxc4 11. Rd1 Bd3 12. Bxd3 cxd3 13. Rxd3 Qa5 14.
 Qxa5 Nxa5 15. f4 Rd8 16. Ke2 Nc4 17. Bc1 Nd5 18. Nxd5 Rxd5 19. Rhd1 Bc5 
20. b3 Nb6 21. Be3 O-O 22. Nf5 Rxd3 23. Rxd3 Bxe3 24. Nxe3 g6 25. Rd6 Nc8 
26. Rd7 b5 27. Ng4 Kg7 28. Nf6 h6 29. Kf3 Nb6 30. Rd6 Rb8 31. g4 a5 32. h4
a4 33. Ke4 b4 34. Kd4 axb3 35. axb3 Na8 36. g5 h5 37. Kc5 Nc7 38. Rb6 Rd8 
39. Rc6 Nd5 40. Nxd5 Rxd5+ 41. Kxb4 Rd1 42. Kb5 Rh1 43. b4 Rxh4 44. Rc4 
Rh1 45. Kb6 h4 46. b5 h3 47. Rc2 Rf1 48. Kc7 Rxf4 49. b6 h2 50. Rxh2 Rc4+ 
51. Kb8 Rc5 52. b7 Rxe5 53. Rh4 Rxg5 54. Rb4 Rc5 55. Ka7 Rc7 56. Ka6 Rxb7 
57. Rxb7 g5 58. Kb5 Kg6 59. Kc4 f5 60. Kd3 Kf6 61. Ke3 Ke5 62. Kf3 Kf6 63.
 Rb5 Kg6 64. Rb1 Kf6 1/2-1/2

[Event "Herbert W. Gustafson Memorial Open, S47059"]
[Site "CCLA"]
[Date "2014.10.27"]
[Round "?"]
[White "Gredescul, Andrea"]
[Black "Beavan, Robert"]
[Result "1/2-1/2"]
[WhiteElo "2026"]
[BlackElo "1937"]

1. e4 c6 2. d4 d5 3. e5 Bf5 4. Nf3 e6 5. Be2 c5 6. Be3 cxd4 7. Nxd4 Ne7 8.
 c4 Nbc6 9. Qa4 a6 10. Nc3 dxc4 11. O-O-O Qa5 12. Qxa5 Nxa5 13. Nxf5 Nxf5 
14. Bb6 Nc6 15. f4 Rc8 16. Kb1 Be7 17. g3 g5 18. fxg5 h5 19. Bf3 Bxg5 20. 
Rhe1 Bd8 21. Bxc6+ bxc6 22. Bf2 Bc7 23. Rc1 h4 24. g4 Ne7 25. Na4 Rd8 26. 
Rxc4 Rd2 27. Rc2 Rd5 28. Nc3 Rxe5 29. Rec1 1/2-1/2

[Event "Winter Server Series, S40021"]
[Site "CCLA"]
[Date "2014.01.27"]
[Round "?"]
[White "Disque, Philip"]
[Black "Capuzzi, Gabriele"]
[Result "1-0"]
[WhiteElo "1669"]
[BlackElo "1775"]

1. Nf3 d5 2. d4 c5 3. e3 cxd4 4. exd4 Nc6 5. Nbd2 Nf6 6. Bd3 Bg4 7. O-O e6
8. c3 Be7 9. Qc2 Rc8 10. Qb1 Qc7 11. Re1 Bd6 12. h3 Bxf3 13. Nxf3 h6 14. 
Bd2 a6 15. a4 O-O 16. Qc1 Nh7 17. Bxh6 gxh6 18. Qxh6 f6 19. Rxe6 Rf7 20. 
Bxh7+ Rxh7 21. Qg6+ Rg7 22. Qh5 Be7 23. Qxd5 Rd8 24. Qc4 Kh8 25. d5 Rdg8 
26. dxc6 Rxg2+ 27. Kh1 R8g7 28. Rae1 R2g6 29. Rg1 Rxg1+ 30. Nxg1 bxc6 31. 
Rxc6 Qb7 32. Qxa6 Qxb2 33. Qb5 Qxf2 34. Rc8+ 1-0

[Event "Herbert W. Gustafson Memorial Open, S47119"]
[Site "CCLA"]
[Date "2014.10.27"]
[Round "?"]
[White "Lines, Daniel"]
[Black "Blankenship, Jerry T."]
[Result "1-0"]
[WhiteElo "1589"]
[BlackElo "1599"]

1. d4 c6 2. e4 d5 3. exd5 cxd5 4. Nf3 Nf6 5. Bb5+ Bd7 6. Bxd7+ Nbxd7 7. 
O-O e6 8. Bg5 Be7 9. Ne5 Nxe5 10. dxe5 Nd7 11. Bxe7 Qxe7 12. f4 Qb4 13. b3
Nc5 14. Qd2 Qe4 15. Na3 a6 16. Rae1 Qf5 17. Qd4 Rc8 18. c4 O-O 19. cxd5 
Rfd8 20. d6 Qd3 21. Qxd3 Nxd3 22. Re4 f5 23. Rd4 Nc5 24. Rc1 Ne4 25. Rdc4 
Rxc4 26. Nxc4 Nc5 27. Na5 b6 28. Nc4 Nd3 29. Rf1 Rb8 30. Nxb6 Rxb6 31. Rd1
Rb8 32. Rxd3 Kf7 33. Rc3 1-0

[Event "Premier Quad, S40289"]
[Site "CCLA"]
[Date "2014.09.15"]
[Round "?"]
[White "Disque, Philip"]
[Black "Holmer, Arthur E."]
[Result "0-1"]
[WhiteElo "1669"]
[BlackElo "1860"]

1. e4 c6 2. d4 d5 3. exd5 cxd5 4. Bd3 Nc6 5. c3 Qc7 6. Ne2 Bg4 7. f3 Bd7 
8. Bf4 e5 9. dxe5 Nxe5 10. Bc2 Nf6 11. Qd4 Bd6 12. Nd2 O-O 13. Be3 Bb5 14.
 Nc1 Rfe8 15. Kd1 Nc6 0-1

[Event " NA Class A Server Championship, S40109"]
[Site "CCLA"]
[Date "2014.04.30"]
[Round "?"]
[White "Bapple, Edward C."]
[Black "Shannon, Paul D."]
[Result "1-0"]
[WhiteElo "1979"]
[BlackElo "1832"]

1. e4 c6 2. d4 d5 3. exd5 cxd5 4. Bd3 Nc6 5. c3 Nf6 6. Bf4 Bg4 7. Qb3 Qd7 
8. Nd2 e6 9. Ngf3 Bxf3 10. Nxf3 Bd6 11. Bg3 O-O 12. O-O a6 13. Rae1 b5 14.
 Ne5 Qc7 15. f4 Rfb8 16. Qc2 g6 17. f5 exf5 18. Bxf5 Nxe5 19. dxe5 Bc5+ 
20. Bf2 Nh5 21. Bg4 Ng7 22. Bf3 Rd8 23. Rd1 Bxf2+ 24. Qxf2 Rf8 25. Bxd5 
Rae8 26. Rde1 Ne6 27. Re2 Nc5 28. Qf6 Ne6 29. Bb3 a5 30. Rd1 a4 31. Bc2 a3
32. Bb1 axb2 33. Rxb2 Qc5+ 34. Qf2 Qxe5 35. Bd3 Nc7 36. c4 Rb8 37. Re1 Qc3
38. Rb3 Qa5 39. cxb5 Rb7 40. Re7 Rbb8 41. Bc4 Ne6 42. Rxf7 Rxf7 43. Bxe6 
Rf8 44. Rf3 1-0

[Event "Regular Quad, S40239"]
[Site "CCLA"]
[Date "2014.07.28"]
[Round "?"]
[White "Verbera, Marcos"]
[Black "Miller, Allan A."]
[Result "0-1"]
[WhiteElo "1281"]
[BlackElo "1563"]

1. d4 c5 2. e3 cxd4 3. exd4 d5 4. c4 Nf6 5. Nc3 Bf5 6. Nf3 e6 7. Bf4 Bd6 
8. Ne5 O-O 9. Be2 Nc6 10. g4 Bg6 11. g5 Ne4 12. cxd5 Nxc3 13. bxc3 exd5 
14. h4 Bxe5 15. Bxe5 Nxe5 16. dxe5 Qc7 17. Rc1 Qxe5 18. Kf1 Qf4 0-1

[Event "Open Server Series, S40039"]
[Site "CCLA"]
[Date "2014.01.31"]
[Round "?"]
[White "Welch, Kevin"]
[Black "Disque, Philip"]
[Result "0-1"]
[WhiteElo "1689"]
[BlackElo "1669"]

1. e4 c6 2. d4 d5 3. exd5 cxd5 4. c4 Nf6 5. Nc3 Nc6 6. Nf3 g6 7. cxd5 Nxd5
8. Qb3 Nxc3 9. Bc4 Nd5 10. Bxd5 e6 11. Bxc6+ bxc6 0-1

[Event "Regular Quad, S40239"]
[Site "CCLA"]
[Date "2014.07.28"]
[Round "?"]
[White "Miller, Allan A."]
[Black "Verbera, Marcos"]
[Result "1-0"]
[WhiteElo "1563"]
[BlackElo "1281"]

1. d4 d5 2. c4 e6 3. Nc3 c5 4. e3 cxd4 5. exd4 Nf6 6. Nf3 Nc6 7. Bd3 Bd7 
8. O-O Bd6 9. c5 Bc7 10. Nb5 Nb4 11. Ne5 Nxd3 12. Nxc7+ Qxc7 13. Qxd3 O-O 
14. Bg5 Ne8 15. Nxd7 Qxd7 16. Rac1 Qc7 17. b4 b6 18. Rfe1 Nf6 19. cxb6 
Qxb6 20. Bxf6 gxf6 21. a3 Qd6 22. Qg3+ Qxg3 23. hxg3 Rac8 24. Rc5 Rb8 25. 
Rec1 Rb6 26. Ra5 a6 27. f4 Kg7 28. Rc7 1-0

[Event "Continuous Server Series, S40019"]
[Site "CCLA"]
[Date "2014.01.20"]
[Round "?"]
[White "Gunning, Edward E."]
[Black "Sanchez, David A."]
[Result "0-1"]
[WhiteElo "1350"]
[BlackElo "1471"]

1. e4 c6 2. Nc3 d5 3. d4 g6 4. Nf3 Bg7 5. Bf4 dxe4 6. Nxe4 Bf5 7. Bd3 Nd7 
8. O-O Ngf6 9. Qe2 O-O 10. c3 Nd5 11. Qd2 Nxf4 12. Qxf4 Re8 13. Ne5 Nxe5 
14. Qd2 Nxd3 15. Qxd3 e5 16. Qf3 Bxe4 17. Qxe4 exd4 18. Qf3 dxc3 19. bxc3 
Qd2 20. Rfd1 Qxc3 21. Qxc3 Bxc3 22. Rac1 Rad8 23. g3 Rxd1+ 24. Rxd1 Re1+ 
25. Rxe1 Bxe1 26. Kf1 Bxf2 27. Kxf2 f5 0-1

[Event "NA Class C Server Championship, S40129"]
[Site "CCLA"]
[Date "2014.04.30"]
[Round "?"]
[White "Smiley, William R."]
[Black "Sanchez, David A."]
[Result "1-0"]
[WhiteElo "1530"]
[BlackElo "1471"]

1. e4 c6 2. d4 d5 3. Nc3 g6 4. e5 Bg7 5. Nf3 Bg4 6. Be2 Nh6 7. O-O e6 8. 
Re1 Nd7 9. h3 Bxf3 10. Bxf3 Nf5 11. Bf4 Qb6 12. Be3 c5 13. Na4 Qc7 14. c3 
Nxe3 15. Rxe3 O-O 16. b4 Bh6 17. Re1 cxb4 18. cxb4 b6 19. Be2 a6 20. g3 
Rfc8 21. f4 f6 22. Rc1 Qd8 23. Rxc8 Rxc8 24. Bxa6 Rb8 25. Bb5 fxe5 26. 
dxe5 Bg7 27. Qd4 Rc8 28. Bxd7 Rc4 29. Bxe6+ 1-0

[Event "Herbert W. Gustafson Memorial Open, S47059"]
[Site "CCLA"]
[Date "2014.10.27"]
[Round "?"]
[White "Beckett, Phillip J."]
[Black "Gredescul, Andrea"]
[Result "1/2-1/2"]
[WhiteElo "2036"]
[BlackElo "2026"]

1. e4 c6 2. d4 d5 3. Nc3 dxe4 4. Nxe4 Nf6 5. Nxf6+ gxf6 6. c3 Bf5 7. Bc4 
e6 8. Ne2 Nd7 9. Ng3 Bg6 10. h4 h5 11. Be2 Qa5 12. b4 Qc7 13. Bxh5 Bxh5 
14. Nxh5 a5 15. Qf3 axb4 16. Nxf6+ Nxf6 17. Qxf6 Rh7 18. cxb4 Qb6 19. a3 
Bxb4+ 20. Kf1 Ra5 21. g4 Be7 22. Qf4 Rxh4 23. Qb8+ Kd7 24. Rxh4 Bxh4 25. 
Be3 Qb2 26. Re1 Qb3 27. Kg2 Rxa3 28. Qf4 Qd5+ 29. Kg1 Ke7 30. Rd1 b5 31. 
Qh6 Bf6 32. g5 Be5 33. g6 Qf3 34. Rc1 Bf6 35. d5 Qg4+ 1/2-1/2

[Event "Herbert W. Gustafson Memorial Open, S47049"]
[Site "CCLA"]
[Date "2014.10.27"]
[Round "?"]
[White "Young III, William C."]
[Black "Laine, Jari"]
[Result "1/2-1/2"]
[WhiteElo "2121"]
[BlackElo "2144"]

1. e4 c6 2. d4 d5 3. Nc3 dxe4 4. Nxe4 Nd7 5. Nf3 Ngf6 6. Nc3 g6 7. Bd3 Bg7
8. O-O c5 9. Be3 Ng4 10. Bf4 O-O 11. Nd5 Nb8 12. Bc4 b5 13. Re1 bxc4 14. 
Nxe7+ Kh8 15. dxc5 Bb7 16. Qxd8 Rxd8 17. h3 Bxf3 18. gxf3 Nf6 19. c6 Re8 
20. c7 Na6 21. Rad1 Nh5 22. Bd6 Bxb2 23. Re4 Nxc7 24. Bxc7 Nf6 25. Re3 Kg7
26. Kg2 Kf8 27. Bd6 Kg7 28. Nc6 Rec8 29. Na5 Ne8 30. Bg3 Bf6 31. a4 Kg8 
32. Rd7 a6 33. h4 Bg7 34. Nb7 1/2-1/2

[Event "Herbert W. Gustafson Memorial Open, S47079"]
[Site "CCLA"]
[Date "2014.10.27"]
[Round "?"]
[White "Fausey, Verna M."]
[Black "Shannon, Paul D."]
[Result "1-0"]
[WhiteElo "1747"]
[BlackElo "1832"]

1. e4 c6 2. d4 d5 3. Nc3 dxe4 4. Nxe4 Nd7 5. Nf3 Ngf6 6. Ng3 g6 7. h4 h5 
8. Bc4 Nb6 9. Bb3 Bg4 10. Ne5 Nbd5 11. Nxg4 Nxg4 12. c3 Bg7 13. c4 Nc7 14.
 f3 Nf6 15. Bf4 O-O 16. Qd2 Kh7 17. O-O Ne6 18. Be5 Nd7 19. Bxg7 Kxg7 20. 
Ne4 Nf6 21. Rad1 Qc7 22. Ng5 Nxg5 23. hxg5 Nd7 24. Qe3 e6 25. d5 Rfe8 26. 
dxc6 Nf8 27. cxb7 Qxb7 28. Rd6 Rec8 29. c5 Qb4 30. Rc1 Kg8 31. Rc4 Qb7 32.
 Qe5 Qb5 33. Qd4 Qa5 34. Rc1 Rab8 35. f4 Rb4 36. Qc3 Qb5 37. Qe3 Qb7 38. 
Qf2 Qe4 39. Ra6 Qxf4 40. Qxf4 Rxf4 41. Rxa7 Rf5 42. c6 Rxg5 43. a4 Rg4 44.
 c7 Rd4 45. Bc4 Rd7 46. Ba6 Re8 47. Rc2 Rde7 48. Bb7 1-0

[Event "Continuous Server Series, S40189"]
[Site "CCLA"]
[Date "2014.06.06"]
[Round "?"]
[White "Wolff, Nicholas"]
[Black "Smith, Dan W."]
[Result "1-0"]
[WhiteElo "1568"]
[BlackElo "1435"]

1. e4 c6 2. d4 d5 3. Nc3 dxe4 4. Nxe4 Nd7 5. Nf3 Ngf6 6. Ng3 e6 7. Bf4 Be7
8. Bd3 O-O 9. c3 b5 10. O-O Bb7 11. Qc2 Kh8 12. Rfe1 a5 13. Ne5 Nxe5 14. 
Bxe5 g6 15. Ne4 Kg8 16. Nc5 Rb8 17. Bxb8 Qxb8 18. Rxe6 Re8 19. Re2 Bxc5 
20. Rxe8+ Nxe8 21. dxc5 Qa7 22. b4 a4 23. Qe2 Nf6 24. a3 Nd5 25. c4 Nc7 
26. Qe7 Bc8 27. Qd8+ 1-0

[Event "Premier Quad, S40279"]
[Site "CCLA"]
[Date "2014.09.12"]
[Round "?"]
[White "Catania, Duane"]
[Black "Pronovost, David"]
[Result "1/2-1/2"]
[WhiteElo "1774"]
[BlackElo "1799"]

1. e4 c6 2. d4 d5 3. Nc3 dxe4 4. Nxe4 Nd7 5. Nf3 Ngf6 6. Ng3 e6 7. Bd3 c5 
8. c3 cxd4 9. cxd4 Qb6 10. O-O Bd6 11. Qe2 O-O 12. Bg5 Re8 13. Rac1 h6 14.
 Be3 Nd5 15. Bb1 Nxe3 16. fxe3 Bxg3 17. hxg3 Nf6 18. Ne5 Re7 19. Qd3 Rc7 
20. Rxc7 Qxc7 21. Rxf6 gxf6 22. Ng4 f5 23. Nf6+ Kh8 24. Qb5 Bd7 25. Nxd7 
Qxg3 26. Qe5+ Qxe5 27. Nxe5 Kg7 28. Kf2 Rc8 29. Nd3 Kf6 30. Kf3 Rg8 31. 
Bc2 h5 32. g3 Rh8 33. Nf4 1/2-1/2

[Event "Continuous Server Series, S40049"]
[Site "CCLA"]
[Date "2014.02.07"]
[Round "?"]
[White "Anderson, Lawrence D."]
[Black "Strelecky, Rich"]
[Result "0-1"]
[WhiteElo "1365"]
[BlackElo "1584"]

1. e4 c6 2. d4 d5 3. Nc3 dxe4 4. Nxe4 Bf5 5. Ng3 Bg6 6. N1e2 e6 7. Nf4 Bd6
8. c3 Bxf4 9. Bxf4 h6 10. Bd3 Bxd3 11. Qxd3 Nf6 12. O-O O-O 13. Rfe1 Na6 
14. Rad1 Re8 15. Be5 Ng4 16. h3 Nxe5 17. Rxe5 Nc7 18. Rde1 Nd5 19. Qf3 Nf6
20. b3 Nd7 21. R5e3 Nf6 22. Nh5 Nxh5 23. Qxh5 Qg5 24. Qxg5 hxg5 25. g4 Kh7
26. Kg2 Kg6 27. Kg3 Rad8 28. f4 gxf4+ 29. Kxf4 a5 30. Re5 b5 31. h4 b4 32.
 h5+ Kh6 33. g5+ Kh7 34. c4 Rxd4+ 35. R5e4 Red8 36. Re2 c5 37. Rxd4 Rxd4+ 
38. Ke5 a4 39. Rh2 axb3 40. axb3 Rd3 41. g6+ fxg6 42. hxg6+ Kxg6 43. Rb2 
Kf7 44. Rf2+ Ke7 45. Rb2 g5 46. Ke4 Rc3 47. Rb1 g4 48. Kf4 g3 49. Rb2 g2 
50. Rxg2 Rxb3 51. Rc2 Rb1 52. Ke3 b3 53. Re2 b2 54. Ke4 Kd6 55. Rd2+ Kc7 
56. Rc2 Re1+ 0-1

[Event "Regular Quad, S40299"]
[Site "CCLA"]
[Date "2014.09.15"]
[Round "?"]
[White "Smiley, William R."]
[Black "Blankenship, Jerry T."]
[Result "0-1"]
[WhiteElo "1530"]
[BlackElo "1599"]

1. e4 c6 2. d4 d5 3. Nc3 dxe4 4. Nxe4 Bf5 5. Ng3 Bg6 6. Bc4 e6 7. Nf3 Nd7 
8. O-O Bd6 9. Re1 Qc7 10. Ng5 h6 11. Nxe6 fxe6 12. Rxe6+ Ne7 13. Qg4 Nf8 
14. Re2 Qd7 15. Qxd7+ Nxd7 16. Re6 Bxg3 0-1

[Event "Herbert W. Gustafson Memorial Open, S47059"]
[Site "CCLA"]
[Date "2014.10.27"]
[Round "?"]
[White "Beckett, Phillip J."]
[Black "Beavan, Robert"]
[Result "1/2-1/2"]
[WhiteElo "2036"]
[BlackElo "1937"]

1. e4 c6 2. d4 d5 3. Nc3 dxe4 4. Nxe4 Bf5 5. Ng3 Bg6 6. Nf3 Nd7 7. c3 e6 
8. Bd3 Bxd3 9. Qxd3 Ngf6 10. O-O Be7 11. Qe2 O-O 12. Bg5 h6 13. Bf4 Nd5 
14. Bd2 Qc7 15. Rad1 Nf4 16. Bxf4 Qxf4 17. Ne1 Nf6 18. Nd3 Qc7 19. Ne4 
Nxe4 20. Qxe4 Rad8 21. Rfe1 c5 22. Nxc5 Bxc5 23. dxc5 Qxc5 24. h3 b6 
1/2-1/2

[Event "Premier Quad, S40259"]
[Site "CCLA"]
[Date "2014.08.18"]
[Round "?"]
[White "Catania, Duane"]
[Black "Capuzzi, Gabriele"]
[Result "1-0"]
[WhiteElo "1774"]
[BlackElo "1775"]

1. e4 c6 2. d4 d5 3. Nc3 dxe4 4. Nxe4 Bf5 5. Ng3 Bg6 6. Nf3 Nd7 7. Bc4 e6 
8. O-O Ngf6 9. Re1 Qc7 10. a3 Be7 11. b4 O-O 12. Nh4 Nd5 13. Nxg6 hxg6 14.
 Bb3 N7b6 15. c4 Nf6 16. Qf3 Rad8 17. Bb2 Bd6 18. c5 Bxg3 19. cxb6 Bxh2+ 
20. Kh1 axb6 21. g3 Bxg3 22. Qxg3 Qxg3 23. fxg3 Nd5 24. Kg2 Rfe8 25. Rad1 
f6 26. Re2 Kf7 27. Rde1 Re7 28. b5 Rdd7 29. a4 f5 30. bxc6 bxc6 31. Ba3 
Re8 32. Rc2 Rc7 33. Bd6 Rcc8 34. Kf2 g5 35. Rec1 Rh8 36. Bxd5 exd5 37. 
Rxc6 Rxc6 38. Rxc6 Rh2+ 39. Ke3 Ra2 40. Rxb6 Rxa4 41. Be5 Ra7 42. Rd6 Ra3+
43. Kd2 Ra7 44. Rxd5 g4 45. Rd6 Re7 46. Ke3 Re6 47. Rxe6 Kxe6 48. Bxg7 Kf7
49. Be5 1-0

[Event "Premier Quad, S40389"]
[Site "CCLA"]
[Date "2014.11.24"]
[Round "?"]
[White "Catania, Duane"]
[Black "Pronovost, David"]
[Result "0-1"]
[WhiteElo "1774"]
[BlackElo "1799"]

1. e4 c6 2. d4 d5 3. Nc3 dxe4 4. Nxe4 Bf5 5. Ng3 Bg6 6. Nf3 Nd7 7. Bd3 
Bxd3 8. Qxd3 e6 9. O-O Ngf6 10. Re1 Be7 11. Bg5 O-O 12. Rad1 h6 13. Bc1 
Qa5 14. a3 Rac8 15. b4 Qd8 16. c4 a5 17. Qb1 axb4 18. axb4 b6 19. Re2 Ra8 
20. Ne5 Nxe5 21. Rxe5 Bd6 22. Ree1 Ra4 23. c5 Bxg3 24. hxg3 b5 25. Re3 Qd5
26. Ra3 Rxa3 27. Bxa3 Ra8 28. Qb2 Ng4 29. Qc3 Qh5 30. Qf3 e5 31. dxe5 Qh2+
32. Kf1 Nxe5 33. Qb3 Ng4 34. Ke1 Qxg2 35. Kd2 Nxf2 0-1

[Event "Open Server Series, S40089"]
[Site "CCLA"]
[Date "2014.03.24"]
[Round "?"]
[White "Catania, Duane"]
[Black "Beavan, Robert"]
[Result "0-1"]
[WhiteElo "1774"]
[BlackElo "1937"]

1. e4 c6 2. d4 d5 3. Nc3 dxe4 4. Nxe4 Bf5 5. Ng3 Bg6 6. Nf3 Nd7 7. Bd3 e6 
8. O-O Ngf6 9. Re1 Bxd3 10. Qxd3 Qc7 11. c4 Be7 12. Bg5 O-O 13. Nf5 Bb4 
14. Ng3 Bxe1 15. Rxe1 h6 16. Bc1 b6 17. b3 Rfd8 18. Qc3 c5 19. Bb2 cxd4 
20. Nxd4 Nc5 21. h3 Qb7 22. Qe3 Rac8 23. Nb5 Nd3 24. Bxf6 Nxe1 25. Bxd8 
Qxg2# 0-1

[Event "Summer Server Series, S40061"]
[Site "CCLA"]
[Date "2014.07.28"]
[Round "?"]
[White "Anderson, Clarence"]
[Black "Capuzzi, Gabriele"]
[Result "1-0"]
[WhiteElo "1798"]
[BlackElo "1775"]

1. e4 c6 2. d4 d5 3. Nc3 dxe4 4. Nxe4 Bf5 5. Ng3 Bg6 6. h4 h6 7. Nh3 Nf6 
8. Nf4 Bh7 9. Bc4 e6 10. O-O Nd5 11. Re1 Nxf4 12. Bxf4 Be7 13. Qg4 Kf8 14.
 Nh5 Rg8 15. Rxe6 fxe6 16. Qxe6 Qe8 17. Re1 1-0

[Event "Summer Server Series, S40061"]
[Site "CCLA"]
[Date "2014.07.28"]
[Round "?"]
[White "Fausey, Verna M."]
[Black "Capuzzi, Gabriele"]
[Result "0-1"]
[WhiteElo "1747"]
[BlackElo "1775"]

1. e4 c6 2. d4 d5 3. Nc3 dxe4 4. Nxe4 Bf5 5. Ng3 Bg6 6. h4 h6 7. Nf3 e6 8.
 Bf4 Nf6 9. Ne5 Bh7 10. c3 Nbd7 11. Nc4 Nb6 12. Be2 Be7 13. Nxb6 Qxb6 14. 
Qb3 Qxb3 15. axb3 Nd5 16. Bd2 a6 17. f3 O-O 18. f4 Bd6 19. Nh5 g6 20. c4 
gxh5 21. cxd5 cxd5 22. Bxh5 Kg7 23. Rh3 Bg6 24. Be2 Rac8 25. h5 Bf5 26. g4
Be4 27. g5 f5 28. g6 Rc2 29. Ra2 Rfc8 30. Bc1 Rxc1+ 31. Bd1 R8c2 0-1

[Event "Premier Quad, S40319"]
[Site "CCLA"]
[Date "2014.09.26"]
[Round "?"]
[White "Stroup, Jim"]
[Black "Beavan, Robert"]
[Result "1-0"]
[WhiteElo "1768"]
[BlackElo "1937"]

1. e4 c6 2. d4 d5 3. Nc3 dxe4 4. Nxe4 Bf5 5. Ng3 Bg6 6. h4 h6 7. Nf3 Nd7 
8. h5 Bh7 9. Bd3 Bxd3 10. Qxd3 e6 11. Bd2 Be7 12. O-O-O Ngf6 13. Ne4 Nxe4 
14. Qxe4 Nf6 15. Qd3 O-O 16. Kb1 Qd5 17. Ne5 Rad8 18. Be3 b5 19. f4 Ne4 
20. g4 a6 21. g5 hxg5 22. fxg5 Bd6 23. g6 Bxe5 24. dxe5 Qxd3 25. cxd3 Ng3 
26. Rhg1 Nf5 27. Bc5 Rfe8 28. d4 Rd5 29. Rc1 Red8 30. Rg4 Ne3 31. Rh4 Nf5 
32. Rf4 R5d7 33. Rcf1 a5 34. b3 a4 35. b4 Rd5 36. Kb2 R5d7 37. R4f3 Rd5 
38. a3 1-0

[Event "Herbert W. Gustafson Memorial Open, S47049"]
[Site "CCLA"]
[Date "2014.10.27"]
[Round "?"]
[White "Young III, William C."]
[Black "Weiss, Lester P."]
[Result "1/2-1/2"]
[WhiteElo "2121"]
[BlackElo "2131"]

1. e4 c6 2. d4 d5 3. Nc3 dxe4 4. Nxe4 Bf5 5. Ng3 Bg6 6. h4 h6 7. Nf3 Nd7 
8. h5 Bh7 9. Bd3 Bxd3 10. Qxd3 e6 11. Bf4 Qa5+ 12. Bd2 Bb4 13. c3 Be7 14. 
Ne4 Ngf6 15. c4 Qc7 16. Nxf6+ Nxf6 17. O-O-O O-O 18. Ne5 b5 19. c5 Rad8 
20. Qg3 Ne4 21. Qe3 Nxd2 22. Rxd2 Bf6 23. Rhd1 Bxe5 24. dxe5 Rd5 25. f4 
Rfd8 26. Rxd5 Rxd5 27. Rxd5 exd5 28. g4 Qe7 29. Kc2 f6 30. e6 d4 31. Qxd4 
1/2-1/2

[Event "Continuous Server Series, S40059"]
[Site "CCLA"]
[Date "2014.02.19"]
[Round "?"]
[White "Fausey, Verna M."]
[Black "Smith, Dan W."]
[Result "1-0"]
[WhiteElo "1747"]
[BlackElo "1435"]

1. e4 c6 2. d4 d5 3. Nc3 dxe4 4. Nxe4 Bf5 5. Ng3 Bg6 6. h4 h6 7. Nf3 Nd7 
8. h5 Bh7 9. Bd3 Bxd3 10. Qxd3 Qc7 11. Bd2 e6 12. O-O-O Ngf6 13. Kb1 Be7 
14. Rde1 Ng4 15. Rxe6 O-O-O 16. Rxe7 Nxf2 17. Qe3 Nxh1 18. Nxh1 Rdf8 19. 
Ne5 Rd8 20. Nxf7 Qh2 21. Ng3 Qxg2 22. Nxh8 Rxh8 23. Rxg7 Qd5 24. Qe7 Qxd4 
25. Ne4 Rd8 26. Bxh6 Qd1+ 27. Bc1 Qxh5 28. Nd6+ Kc7 29. Nxb7 1-0

[Event "Continuous Server Series, S40159"]
[Site "CCLA"]
[Date "2014.05.19"]
[Round "?"]
[White "Martindale, Roger"]
[Black "Ritzmann, Andrew M."]
[Result "0-1"]
[WhiteElo "1209"]
[BlackElo "1381"]

1. e4 c5 2. c4 Nc6 3. Nf3 g6 4. Nc3 Bg7 5. d3 d6 6. h3 Nf6 7. Be2 O-O 8. 
Be3 b6 9. O-O Bb7 10. a3 e5 11. Nd5 Nd4 12. Re1 Nxf3+ 13. Bxf3 Nxd5 14. 
exd5 Qh4 15. Qd2 f5 16. Bg5 Qd4 17. Be3 Qh4 18. Bg5 Qd4 19. Qc3 Qxc3 20. 
bxc3 f4 21. Bg4 Bc8 22. g3 Bxg4 23. hxg4 fxg3 24. fxg3 e4 25. dxe4 Bxc3 
26. Be7 Bxa1 27. Bxf8 Bd4+ 28. Kh2 Rxf8 29. Kh3 Re8 30. a4 Bc3 31. Re2 a5 
32. g5 Be5 33. Rb2 Bxb2 34. g4 Rxe4 35. Kh4 Rxc4 0-1

[Event "Regular Quad, S40469"]
[Site "CCLA"]
[Date "2014.12.29"]
[Round "?"]
[White "Martindale, Roger"]
[Black "Anderson, Lawrence D."]
[Result "0-1"]
[WhiteElo "1209"]
[BlackElo "1365"]

1. e4 c5 2. c4 d6 3. Nc3 Nc6 4. Nd5 e6 5. Ne3 Nf6 6. d3 g6 7. f4 Bg7 8. 
Nf3 O-O 9. h3 b6 10. a3 Bb7 11. Be2 e5 12. Nd5 Nxd5 13. cxd5 Nd4 14. Nxd4 
exd4 15. O-O f5 16. Bf3 Qf6 17. Re1 Rab8 18. e5 dxe5 19. fxe5 Qd8 20. e6 
Qe7 21. Bf4 b5 22. Bxb8 Rxb8 23. Qd2 Bf6 24. b3 Qd6 25. a4 Bxd5 26. Bxd5 
Qxd5 27. a5 Re8 28. Rab1 Rxe6 29. Rxe6 Qxe6 30. Re1 Qf7 31. Qf4 a6 32. 
Qb8+ Kg7 33. Rb1 Qe7 34. Qb6 Qe3+ 35. Kh1 Qxd3 36. Rg1 Qxb3 37. Qxa6 d3 
38. Qa7+ Kh6 39. Qxc5 d2 40. Qd6 Bg5 41. Qf8+ Kh5 42. Qd8 Bxd8 43. g4+ 
fxg4 44. hxg4+ Kh6 45. a6 Qh3# 0-1